书目信息 |
| 题名: |
中国学科发展战略
|
|
| 作者: | ;国家自然科学基金委员会 , 中国科学院 编 | |
| 分册: | 土壤生物学 | |
| 出版信息: | 北京 科学出版社 2016.04 |
|
| 页数: | 141页 | |
| 开本: | 24cm | |
| 丛书名: | 国家科学思想库 | |
| 单 册: | ||
| 中图分类: | G301 , S154-12 , S154 | |
| 科图分类: | ||
| 主题词: | 学科学--发展战略--中国 , 土壤生物学--学科发展--发展战略--中国 , 土壤学 | |
| 电子资源: | ||
| ISBN: | 978-7-03-047569-5 | |
| 000 | 01309oam2 2200313 450 | |
| 001 | 4553 | |
| 005 | 20181012114315.94 | |
| 010 | @a978-7-03-047569-5@dCNY88.00 | |
| 100 | @a20160503d2016 em y0chiy50 ea | |
| 101 | 0 | @achi@deng |
| 102 | @aCN@b110000 | |
| 105 | @aa z 001yy | |
| 200 | 1 | @a中国学科发展战略@9zhong guo xue ke fa zhan zhan lue@i土壤生物学@f国家自然科学基金委员会,中国科学院[编] |
| 210 | @a北京@c科学出版社@d2016.04 | |
| 215 | @a141页@c图@d24cm | |
| 225 | 1 | @a国家科学思想库@i学术引领系列 |
| 330 | @a本书分析了土壤生物学的学科发展任务和战略地位,总结了学科发展的规律和态势;提出了若干我国土壤生物学发展亟待解决的基础性科学问题,以及与生态环境和社会可持续发展相关的应用性科学问题,并就这些关键科学问题的优先发展方向及土壤生物学与其他学科的交叉发展、野外平台建设和研究方法的创新发展等进行了论述,提出了相应的资助机制和政策建议。 | |
| 461 | 0 | @12001 @a国家科学思想库 |
| 462 | 0 | @12001 @a学术引领系列 |
| 606 | 0 | @a学科学@x发展战略@y中国 |
| 606 | 0 | @a土壤生物学@x学科发展@x发展战略@y中国 |
| 606 | 0 | @a土壤学 |
| 690 | @aG301@v5 | |
| 690 | @aS154-12@v5 | |
| 690 | @aS154@v4 | |
| 711 | 02 | @a国家自然科学基金委员会@9guo jia zi ran ke xue ji jin wei yuan hui@4编 |
| 711 | 02 | @a中国科学院@9zhong guo ke xue yuan@4编 |
| 801 | 0 | @aCN@b91MARC@c20160804 |
| 905 | @aMuseLib@dS154@e99 | |
| 中国学科发展战略.土壤生物学/国家自然科学基金委员会,中国科学院[编].-北京:科学出版社,2016.04 |
| 141页:图;24cm.-(国家科学思想库.学术引领系列) |
| ISBN 978-7-03-047569-5:CNY88.00 |
| 本书分析了土壤生物学的学科发展任务和战略地位,总结了学科发展的规律和态势;提出了若干我国土壤生物学发展亟待解决的基础性科学问题,以及与生态环境和社会可持续发展相关的应用性科学问题,并就这些关键科学问题的优先发展方向及土壤生物学与其他学科的交叉发展、野外平台建设和研究方法的创新发展等进行了论述,提出了相应的资助机制和政策建议。 |
| ● |
| 相关链接 |
|
|
|
|
正题名:中国学科发展战略
索取号:S154/99
 
预约/预借
| 序号 | 登录号 | 条形码 | 馆藏地/架位号 | 状态 | 备注 |
| 1 | 1125681 | 211256816 | 第二样本阅览室/ [索取号:S154/99] | 在馆 | |
| 2 | 1125682 | 211256825 | 第三借阅区/ [索取号:S154/99] | 在馆 | |
| 3 | 1125683 | 211256834 | 第三借阅区/ [索取号:S154/99] | 在馆 | |
| 4 | 1125684 | 211256843 | 第三借阅区/ [索取号:S154/99] | 在馆 | |
| 5 | 1125685 | 211256852 | 第三借阅区/ [索取号:S154/99] | 在馆 |